000 00253nam a22001217a 4500
008 180927b xxu||||| |||| 00| 0 eng d
041 _aeng
080 _a821
100 _a22
101 _aGJL
245 _aThe Folktale
_cThompson, S
942 _2udc
_cBK
999 _c48621
_d48621